000 00297nam a22001337a 4500
008 181016b xxu||||| |||| 00| 0 eng d
020 _a52868096-X
041 _aeng
080 _23rd
_a940
100 _a21
101 _aSHP
245 _aThe Community in America
_cWarren,R.L
942 _2udc
_cBK
999 _c49831
_d49831